Größte Gemeinden Österreichs mit "M" - Statistiken

Allgemein
  • Dieses Quiz wurde 80 mal gespielt
  • Das Durchschnittsergebnis liegt bei 7 aus 10
Antwortstatistiken
Einwohner Bezirk Bundesland Gemeinde % Korrekt
20.570 Mödling Niederösterreich Mödling
100%
7.431 Mattersburg Burgenland Mattersburg
96%
5.606 {Melk} Niederösterreich Melk
96%
11.471 Mistelbach Niederösterreich Mistelbach
93%
8.525 Bruck-Mürzzuschlag Steiermark Mürzzuschlag
93%
6.740 Braunau am Inn Oberösterreich Mattighofen
62%
13.802 Wels-Land Oberösterreich Marchtrenk
58%
5.431 Zell am See Steiermark Mittersill
56%
5.888 Kirchdorf an der Krems Oberösterreich Micheldorf in Oberösterreich
42%
8.675 Mödling Niederösterreich Maria Enzersdorf
38%
Keine übereinstimmenden Quizze gefunden
Verteilung der Resultate
Anzahl Personen mit jedem Resultat
Perzentil nach korrekt beantworteten Fragen
Ihre Resultats-Entwicklung
Sie haben dieses Quiz noch nicht gespielt